| 000 | 00493nam a2200133Ia 4500 | ||
|---|---|---|---|
| 008 | 160809s9999 xx 000 0 und d | ||
| 100 | _aSuresh, M. | ||
| 245 | _aAnalysis of CMOS and MTCMOS Circuits Using 250 Nano Meter Technology | ||
| 245 | _cM Suresh, A K Panda, Mukesh Sukla, Marakonda Patnaikuni Vasanthi and Sowpati Santhi | ||
| 260 | _bComputer Science and Information Technology | ||
| 260 | _cJuly 2016 | ||
| 650 | _xINFORMATION TECHNOLOGY | ||
| 856 | _uhttp://airccse.org/V6N56.html | ||
| 999 |
_c300133 _d300133 |
||